World guide to technical information and documentation services = (Record no. 3019)
[ view plain ]
| 000 -LEADER | |
|---|---|
| fixed length control field | 01060cam a2200301 i 4500 |
| 001 - CONTROL NUMBER | |
| control field | 3019 |
| 003 - CONTROL NUMBER IDENTIFIER | |
| rucl marc code | BD-RjUL |
| 005 - DATE AND TIME OF LATEST TRANSACTION | |
| control field | 20211208233647.0 |
| 008 - FIXED-LENGTH DATA ELEMENTS--GENERAL INFORMATION | |
| fixed length control field | 160829s1975 fr r i001 0 eng |
| 020 ## - INTERNATIONAL STANDARD BOOK NUMBER | |
| International Standard Book Number | 9230012289 |
| 035 ## - SYSTEM CONTROL NUMBER | |
| System control number | (BD-RjUL)3053 |
| 040 ## - CATALOGING SOURCE | |
| Original cataloging agency | DLC |
| Transcribing agency | DLC |
| Modifying agency | DLC |
| Language of cataloging | eng |
| 041 0# - LANGUAGE CODE | |
| Language code of text/sound track or separate title | engfre |
| 082 00 - DEWEY DECIMAL CLASSIFICATION NUMBER | |
| Classification number | 607 |
| Edition number | 23 |
| Author mark and year | UNW 1975 |
| 110 2# - MAIN ENTRY--CORPORATE NAME | |
| Corporate name or jurisdiction name as entry element | Unesco. |
| 9 (RLIN) | 152939 |
| 245 10 - TITLE STATEMENT | |
| Title | World guide to technical information and documentation services = |
| Remainder of title | Guide mondial des centres de documentation et d'information techniques / |
| Statement of responsibility, etc. | Unesco |
| 250 ## - EDITION STATEMENT | |
| Edition statement | 2d., rev. and enl. |
| 260 ## - PUBLICATION, DISTRIBUTION, ETC. (IMPRINT) | |
| Place of publication, distribution, etc. | Paris : |
| Name of publisher, distributor, etc. | Unesco Press, |
| Date of publication, distribution, etc. | 1975. |
| 300 ## - PHYSICAL DESCRIPTION | |
| Pagination | 515 p. ; |
| Size | 21 cm. |
| 500 ## - GENERAL NOTE | |
| General note | English or French. |
| General note | "COM.74/XXIV.II.2/AF." |
| General note | Includes indexes. |
| 650 #0 - SUBJECT ADDED ENTRY--TOPICAL TERM | |
| Topical term or geographic name as entry element | Technology |
| General subdivision | Information services |
| -- | Directories. |
| 9 (RLIN) | 152918 |
| 942 ## - ADDED ENTRY ELEMENTS (KOHA) | |
| Source of classification or shelving scheme | Dewey Decimal Classification |
| Koha item type | Reference |
| Lost status | Source of classification or shelving scheme | Damaged status | Not for loan | Collection code | Permanent Location | Current Location | Shelving location | Date acquired | Source of acquisition | Total Checkouts | Full call number | Date last seen | Copy number | Koha item type |
|---|---|---|---|---|---|---|---|---|---|---|---|---|---|---|
| Dewey Decimal Classification | Not For Loan | Reference | Central Library, University of Rajshahi | Central Library, University of Rajshahi | 28/08/1982 | Unesco | R 607 UNW 1975 | 29/08/2016 | C-1 | Reference |